Truth and Beauty:Aesthetics and Motivations in Science (Record no. 222958)

MARC details
000 -LEADER
fixed length control field 00679nam a22002417a 4500
005 - DATE AND TIME OF LATEST TRANSACTION
control field 20220517092354.0
008 - FIXED-LENGTH DATA ELEMENTS--GENERAL INFORMATION
fixed length control field 220517b ||||| |||| 00| 0 eng d
020 ## - INTERNATIONAL STANDARD BOOK NUMBER
International Standard Book Number 9780140230352
040 ## - CATALOGING SOURCE
Transcribing agency AL
041 ## - LANGUAGE CODE
Language code of text/sound track or separate title English
082 ## - DEWEY DECIMAL CLASSIFICATION NUMBER
Edition number 23
Classification number 530.01
Item number CHAT
100 ## - MAIN ENTRY--PERSONAL NAME
Personal name S Chandrasekhar
100 ## - MAIN ENTRY--PERSONAL NAME
9 (RLIN) 37507
245 ## - TITLE STATEMENT
Title Truth and Beauty:Aesthetics and Motivations in Science
260 ## - PUBLICATION, DISTRIBUTION, ETC.
Place of publication, distribution, etc. New Delhi
Name of publisher, distributor, etc. Penguin Books India pvt Ltd
Date of publication, distribution, etc. 1992
300 ## - PHYSICAL DESCRIPTION
Extent 170 p.
Other physical details PB
Dimensions 20x13 cm.
365 ## - TRADE PRICE
Currency code
Unit of pricing ₹85.00
650 ## - SUBJECT ADDED ENTRY--TOPICAL TERM
Topical term or geographic name entry element Science
9 (RLIN) 37508
650 ## - SUBJECT ADDED ENTRY--TOPICAL TERM
Topical term or geographic name entry element Aesthetics
9 (RLIN) 37509
650 ## - SUBJECT ADDED ENTRY--TOPICAL TERM
Topical term or geographic name entry element Physics
9 (RLIN) 37510
650 ## - SUBJECT ADDED ENTRY--TOPICAL TERM
Topical term or geographic name entry element Motivation
9 (RLIN) 37511
700 ## - ADDED ENTRY--PERSONAL NAME
Personal name CHANDRASEKHAR (S)
9 (RLIN) 37512
942 ## - ADDED ENTRY ELEMENTS (KOHA)
Source of classification or shelving scheme Dewey Decimal Classification
Koha item type George Fernandes Collections
Holdings
Withdrawn status Lost status Source of classification or shelving scheme Damaged status Not for loan Collection code Home library Current library Date acquired Total Checkouts Full call number Barcode Date last seen Price effective from Koha item type
    Dewey Decimal Classification     Physics St Aloysius Library St Aloysius Library 03/23/2013   530.01 CHAT GF02105 05/17/2022 05/17/2022 George Fernandes Collections